Online Catalogue and eLibrary

Eelath thiranaivu munnodi professor V. Selvanayagam (Record no. 3996)

MARC details
000 -LEADER
fixed length control field 00414nam a2200145Ia 4500
005 - DATE AND TIME OF LATEST TRANSACTION
control field 20250406065106.0
008 - FIXED-LENGTH DATA ELEMENTS--GENERAL INFORMATION
fixed length control field 240331s9999 xx 000 0 und d
082 ## - DDC Classification
Item Number - Author Mark SHA
Class No. 894
100 ## - MAIN ENTRY--PERSONAL NAME
Personal name Shanmugathas, A
245 #0 - TITLE STATEMENT
Title Eelath thiranaivu munnodi professor V. Selvanayagam
260 ## - PUBLICATION, DISTRIBUTION, ETC.
Place of publication, distribution, etc. Colombo
Name of publisher, distributor, etc. Tamil Sangam
Date of publication, distribution, etc. 1990
300 ## - PHYSICAL DESCRIPTION
Extent (e.g. Volumes, Pages etc.) 20 p .,
500 ## - GENERAL NOTE
General note Professor V. Selvanayagam ilathu thiranaayvu munodi
942 ## - Koha item type (Biblio)
Koha item type Books in Stacks (Lending)
Holdings
Lost status Damaged status Collection code Home library Current library Shelving location Date acquired Full call number Accession Number Item type
    Lending WERC Library WERC Library Social Science Cupboard 03/31/2024 894.811 SHA 836 Books in Stacks (Lending)

© WERC Library